• 首页
  • 本馆介绍
  • 公告通知
  • 最新文献
  • 馆藏检索
  • 电子资源
  • 读者导购
  • 参考咨询
  • 我的图书馆
  • 登录
  • 详细信息显示
  • 放入我的书架
  • 预约/预借图书
  • 作者相关作品
  • 分类相关作品
  • 丛书相关作品
  • 出版社相关作品

书目信息

  • 表格格式
  • 工作单格式
  • 卡片格式
题名:
贸易战争
    
 
作者: 吕博 编著
分册:  
出版信息: 北京   中国经济出版社  2009
页数: 229页
开本: 24cm
丛书名:
单 册:
中图分类: F742
科图分类:
主题词: 国际贸易--国际经济关系--研究 , 国际贸易 , 国际经济关系
电子资源:
ISBN: 978-7-5017-9114-9
000 01218nam0 2200277 45
001 1032977140
005 20100713084356.68
010    @a978-7-5017-9114-9@dCNY35.00
100    @a20100331d2009 em y0chiy0110 ea
101 0  @achi
102    @aCN@b110000
105    @aa z 000yy
106    @ar
200 1  @a贸易战争@AMao Yi Zhan Zheng@dTrade war : trade conflicts and friction in economic globalization@e经济全球化进程中的贸易冲突与摩擦@EJing Ji Quan Qiu Hua Jin Cheng Zhong De Mao Yi Chong Tu Yu Mo Ca@f吕博等编著@FLu^ Bo Deng Bian Zhu@zeng
210    @a北京@c中国经济出版社@d2009
215    @a229页@c照片,图@d24cm
330    @a本书总结贸易摩擦和冲突的基本特征,分析贸易货币角逐的背后意义,判断在当今金融危机和全球经济衰退的阴影下中国外贸所面临的严峻形势,探究世界贸易之新格局。
510 1  @aTrade war@etrade conflicts and friction in economic globalization@zeng
517 1  @a经济全球化进程中的贸易冲突与摩擦@AJing Ji Quan Qiu Hua Jin Cheng Zhong De Mao Yi Chong Tu Yu Mo Ca
606 0  @a国际贸易@x国际经济关系@x研究
606 0  @a国际贸易
606 0  @a国际经济关系
690    @aF742@v4
701  0 @a吕博@ALu^ Bo@f(1961~)@4编著
801  0 @aCN@bTANGWEI@c20100713
905    @b0586956-60@dF742@e139@f5
    
    贸易战争=Trade war : trade conflicts and friction in economic globalization:经济全球化进程中的贸易冲突与摩擦/吕博等编著.-北京:中国经济出版社,2009
    229页:照片,图;24cm
    
    
    ISBN 978-7-5017-9114-9:CNY35.00
    本书总结贸易摩擦和冲突的基本特征,分析贸易货币角逐的背后意义,判断在当今金融危机和全球经济衰退的阴影下中国外贸所面临的严峻形势,探究世界贸易之新格局。
●
相关链接 在E读中查询图书 在五车中查询图书 在当当中查询图书 在豆瓣中查询图书


正题名:贸易战争     索取号:F742/139         预约/预借

序号 登录号 条形码 馆藏地/架位号 状态 备注
1 0586956   205869568   第一样本阅览室/ [索取号:F742/139] 在馆    
2 0586957   205869577   第一借阅区/ [索取号:F742/139] 在馆    
3 0586958   205869586   第一借阅区/ [索取号:F742/139] 在馆    
4 0586959   205869595   第一借阅区/ [索取号:F742/139] 在馆    
5 0586960   205869602   第一借阅区/ [索取号:F742/139] 在馆    
唐山师范学院图书馆 欢迎您!
大连网信软件有限公司© 版权所有